| Tag |
First Indicator |
Second Indicator |
Subfields |
| LEADER |
00000cam a2200000 4500 |
| 001 |
in00000065495 |
| 005 |
20151007083420.0 |
| 008 |
741015s1936 enk 00000 eng u |
| 010 |
|
|
|a 36018524
|
| 035 |
|
|
|a (OCoLC)01040651
|
| 035 |
|
|
|9 AAF9331AM
|
| 040 |
|
|
|c OUN
|d TXA
|d UtOrBLW
|
| 049 |
|
|
|a TXAM
|c [173769]
|
| 050 |
0 |
0 |
|a HB171
|b .B485
|
| 082 |
0 |
|
|a 330.4
|
| 092 |
|
|
|a 330.4
|b B571p
|
| 100 |
1 |
|
|a Beveridge, William Henry Beveridge,
|c Baron,
|d 1879-1963.
|
| 245 |
1 |
0 |
|a Planning under socialism :
|b and other addresses /
|c by Sir William H. Beveridge.
|
| 264 |
|
1 |
|a London,
|a New York [etc.] :
|b Longmans, Green and co.,
|c [1936]
|
| 300 |
|
|
|a xiii. 142 pages 1 leaf ;
|c 19 cm.
|
| 336 |
|
|
|a text
|b txt
|2 rdacontent
|
| 337 |
|
|
|a unmediated
|b n
|2 rdamedia
|
| 338 |
|
|
|a volume
|b nc
|2 rdacarrier
|
| 500 |
|
|
|a "The contents of this volume, with three exceptions, are broadcast talks ... Most of them have appeared already in the Listener."--Pref.
|
| 650 |
|
0 |
|a Economics.
|
| 650 |
|
0 |
|a Economic policy.
|
| 999 |
|
|
|a MARS
|
| 999 |
f |
f |
|s c193c824-6139-300c-9b48-50a61da0c183
|i 861b37c2-d189-3bc7-aea9-b527b954cb54
|t 0
|
| 952 |
f |
f |
|p ric
|a Texas A&M University
|b Rellis Campus
|c Joint Library Facility
|d Remote Storage
|t 0
|e HB171 .B485
|h Library of Congress classification
|i unmediated -- volume
|m A14800695810
|
| 998 |
f |
f |
|a HB171 .B485
|t 0
|l Remote Storage
|